Economic conditions of agricultural labourers and Marginal Farmers (Record no. 1455308)

MARC details
000 -LEADER
fixed length control field 00610nam a2200205Ia 4500
005 - DATE AND TIME OF LATEST TRANSACTION
control field 20250923145745.0
008 - FIXED-LENGTH DATA ELEMENTS--GENERAL INFORMATION
fixed length control field 008 250917s9999 xx 000 0 eng d
037 ## - SOURCE OF ACQUISITION
Stock number Textual
040 ## - CATALOGING SOURCE
Original cataloging agency DSWL
Language of cataloging eng
Transcribing agency DSWL
041 ## - LANGUAGE CODE
Language code of text/sound track or separate title eng
Source of code eng
084 ## - COLON CLASSIFICATION NUMBER
Classification number X8(J):9.2, N86
Assigning agency DSWL
100 ## - MAIN ENTRY--PERSONAL NAME
Personal name Singh, Gian
9 (RLIN) 838643
245 #0 - TITLE STATEMENT
Title Economic conditions of agricultural labourers and Marginal Farmers
Statement of responsibility, etc. by Gian Singh
260 ## - PUBLICATION, DISTRIBUTION, ETC.
Place of publication, distribution, etc. Delhi
Name of publisher, distributor, etc. B.R. Publication Corpont
Date of publication, distribution, etc. 1986
300 ## - PHYSICAL DESCRIPTION
Extent xii,227p.
365 ## - TRADE PRICE
Price type code INR
Price amount 95.00
925 ## -
-- 95.00
942 ## - ADDED ENTRY ELEMENTS (KOHA)
Koha item type Textual
Classification part X8(J):9.2, N86
Holdings
Withdrawn status Lost status Damaged status Not for loan Home library Current library Date acquired Source of acquisition Inventory number Total Checkouts Full call number Barcode Date last seen Price effective from Koha item type
        Department of Social Work Library Department of Social Work Library 2025-09-23 Gifted by Om Parkash Gifted   X8(J):9.2, N86 SW0023080 2025-09-23 2025-09-23 Textual
Copyright @ Delhi University Library System